000 02043nam a2200457 c 4500
999 _c53280
_d53280
003 BLK
005 20240321123144.0
008 180408b bul|||||r ||||||| ||bul||
010 _aKNG00057215000
020 _a954-8329-02-6
040 _aBLK
041 _aBUL
_cBUL
072 7 _2bullib
_aЯ
_xАвтографи
080 _aМузиколози. Музикални критици. Експерти в музиката
_b78.072
_x(497.2)(092)(093.3)
_z78.072(497.2)(092)(093.3)
080 _aБългарски музиколог
_b929 Брашованов, Стоян Костов
_z929 Брашованов, Стоян Костов
100 _aБрашованова-Станчева, Лада Стоянова
_d1929-2020
_9374050
139 _aБрашованова-Станчева, Лада Стоянова
_bБ 79
245 1 0 _aПроф. д-р Стоян Брашованов
_bПървият бълг. музиколог : Биогр.
_cЛада Стоянова Брашованова-Станчева.
257 _aBGR
260 _bСъюз на учените в България
_c1993
300 _a391 с.
_bс ил.
_c20 см
380 _a7
500 _aОфс. изд. - 500 тир. - Съдържа и Биогр. справка. - Библиогр. с. 370-374.
600 0 _aБрашованов, Стоян Костов
_d1888 - 1956
_gмузиковед
_9376448
650 4 _aМузиколози, български
_9163082
650 4 _aМузикознание
_9163080
650 4 _aБрашованов, Стоян Костов
_9284973
651 4 _aБългария
_9241624
653 _aмузикознание
653 _aмузиколози
653 _aСтоян Брашованов
659 _aЯ
852 _aЦб 177313
852 _aК 78(092)/Б 79 Л
856 4 _qpdf
856 4 _qpdf
942 _cKNG
_n0
_s1
944 _aCR
_c22.12.2005
_lНора Радева
_k30545
944 _aED
_c20.04.2017
_lф /
_kИрена_Линкова
999 _d53280